| 000 | 01512nam0a2200313 4500 | ||
|---|---|---|---|
| 001 | RU\NLR\bibl\1412917 | ||
| 005 | 20250615211755.0 | ||
| 010 |
_a978-5-88435-301-5 _9100 |
||
| 021 |
_aRU _b2009-54454 _93359 |
||
| 035 | _a(NLR Aleph) 001404895 | ||
| 090 |
_a1245776 _c1245776 |
||
| 100 | _a20090915d2009 |||y0rusy50 ca | ||
| 101 | 0 | _arus | |
| 102 | _aRU | ||
| 105 | _aa ||||||||| | ||
| 200 | 1 |
_aТехническая эксплуатация зданий _eучебное пособие _fМ.А. Кабешов _g[Федер. агентство по образованию, Гос. образоват. учреждение высш. проф. образования "Рыбин. гос. авиац. технол. акад. им. П.А. Соловьева"] |
|
| 210 |
_aРыбинск _cРыбинская государственная авиационная технологическая академия _d2009 |
||
| 215 |
_a75 с. _cил. _d21 |
||
| 300 | _aВ вып. дан. авт.: М.А. Кабешов - к.т.н. | ||
| 320 | _aБиблиогр.: с. 75 (12 назв.) | ||
| 606 | 1 |
_aЗдания _jУчебные издания для высших учебных заведений _xЭксплуатация _92511494 _3RU\NLR\auth\661488829 |
|
| 686 | _aН7-082я73-1 | ||
| 700 | 1 |
_aКабешов _bМ. А. _gМихаил Александрович _4070 |
|
| 801 | 0 |
_aRU _bNLR _c20090915 _gRCR |
|
| 801 | 1 |
_aRU _bNLR _c20090915 |
|
| 942 | _cBOOK | ||
| 980 | _aNB | ||
| 980 | _aNBR | ||